Highest-Scoring Jetpunk Quiz #9 in 15 Seconds (chess pieces) - Statistics

General Stats
  • This quiz has been taken 63 times
  • The average score is 6 of 6
Answer Stats
piece % Correct
Bishop
96%
King
96%
Pawn
96%
Queen
95%
Rook
95%
Knight
93%
No matching quizzes found
Score Distribution
Percent of People with Each Score
Percentile by Number Answered
Your Score History
You have not taken this quiz